Things you can see only when you slow down (Record no. 229826)

MARC details
000 -LEADER
fixed length control field 01486nam a22002057a 4500
005 - DATE AND TIME OF LATEST TRANSACTION
control field 20240222145206.0
008 - FIXED-LENGTH DATA ELEMENTS--GENERAL INFORMATION
fixed length control field 240215b ||||| |||| 00| 0 eng d
020 ## - INTERNATIONAL STANDARD BOOK NUMBER
International Standard Book Number 9780241340660
040 ## - CATALOGING SOURCE
Transcribing agency AL
041 ## - LANGUAGE CODE
Language code of text/sound track or separate title eng
082 ## - DEWEY DECIMAL CLASSIFICATION NUMBER
Edition number 23
Classification number 152.4
Item number SUNT
100 ## - MAIN ENTRY--PERSONAL NAME
Personal name Haemin Sunim
9 (RLIN) 151505
245 ## - TITLE STATEMENT
Title Things you can see only when you slow down
Remainder of title : how to be calm in a busy world
260 ## - PUBLICATION, DISTRIBUTION, ETC.
Place of publication, distribution, etc. UK
Name of publisher, distributor, etc. Penguin Random House
Date of publication, distribution, etc. 2017
300 ## - PHYSICAL DESCRIPTION
Extent 261p.
Other physical details PB
Dimensions 17x13cm.
365 ## - TRADE PRICE
Source of price type code General
Price type code VBI-2022
Price amount ₹449.00
Currency code
Unit of pricing ₹599.00
Price note 25%
Price effective from 16/01/2024
520 ## - SUMMARY, ETC.
Summary, etc. 'Is it the world that's busy, or my mind?'<br/>The world moves fast, but that doesn't mean we have to. In this timely guide to mindfulness, Haemin Sunim, a Buddhist monk born in Korea and educated in the United States, offers advice on everything from handling setbacks to dealing with rest and relationships, in a beautiful book combining his teachings with calming full-colour illustrations. Haemin Sunim's simple messages speak directly to the anxieties that have become part of modern life and remind us of the strength and joy that come from slowing down.Hugely popular in Korea, Haemin Sunim is a Zen meditation teacher whose teachings transcend religion, borders and ages. With insight and compassion drawn from a life full of change, the bestselling monk succeeds at encouraging all of us to notice that when you slow down, the world slows down with you.
650 ## - SUBJECT ADDED ENTRY--TOPICAL TERM
Source of heading or term Emotions And Senses
Topical term or geographic name entry element Emotions
9 (RLIN) 151506
942 ## - ADDED ENTRY ELEMENTS (KOHA)
Source of classification or shelving scheme Dewey Decimal Classification
Koha item type Book
Holdings
Withdrawn status Lost status Source of classification or shelving scheme Damaged status Not for loan Collection code Home library Current library Date acquired Source of acquisition Cost, normal purchase price Total Checkouts Total Renewals Full call number Barcode Date last seen Date last checked out Cost, replacement price Price effective from Koha item type
    Dewey Decimal Classification     General St Aloysius PG Library St Aloysius PG Library 01/23/2024 Vidyarthi Books 449.00 4 1 152.4 SUNT PG024575 07/01/2025 06/19/2025 599.00 02/15/2024 Book